00486nam a22001337a 4500003000400000008004100004020001800045082001600063245009800079260003500177300001700212650009800229700002500327OSt260623b |||||||| |||| 00| 0 eng d a9781522589037 a660.6bK45B aBiotechnology: Concepts, Methodologies, Tools, and Applications/ edited by Mehdi Khosrow-Pour aHershey: bIGI Global, c2019. axxii, 541 p. aTechnology (Applied Sciences) | Chemical Engineering and Related Technologies | Biotechnology aKhosrow-Pour, Mehdi